000 00591nam a2200205Ii 4500
003 JO-AjNU
008 230606s9999||||xx |||||||||||||| ||und||
017 _a2846/12/2004
040 _aJO-AjNU
_beng
_erda
_cJO-AjNU
041 _aeng
050 1 4 _aG470 2004
100 3 _aAl - Kanani, Fawzi,
_eauthor
_92734
245 0 0 _aEye Upon My World
264 3 1 _aAmman: The Auther, 2005
300 _a205p
336 _atext
_btxt
_2rdacontent
337 _aunmediated
_bn
_2rdamedia
338 _avolume
_bnc
_2rdacarrier
650 4 _aTravel Literature- Arab Countries - Western Countries
_92735
999 _aE1431
_c1431
_d1431